000
00263nam a22001097a 4500
008
170120b xxu||||| |||| 00| 0 eng d
020
_a
9781578010998
041
_a
eng
080
_a
618.2
245
_a
SURVIING AND THRIVING IN NURSING
_c
ANEMA, A.G
942
_2
udc
_c
BK
999
_c
3220
_d
3220